000 00880nam a2200253 a 4500
001 BRL_1731
005 20190320211338.0
008 220715s1945----mx-a######---#000-0#spa-#
041 _aspa
044 _amx
050 4 _aF1411
_b.C37 1945
100 1 _aCasas, Bartolomé de las
_d1474-1566
_925547
245 1 0 _aBrevísima relación de la destrucción de las Indias
_cBartolomé de las Casas ; prólogo y selección de Agustín Millares Carlo.
260 _aMéxico
_bSEP
_c1945
300 _a89 p.
_bil.
_c20 cm.
440 0 _aBiblioteca enciclopédica popular
_v77
_927745
500 _aAu1934
500 _aEstado físico: pasta rasgada en la parte inferior izquierda.
650 1 4 _aTrato a los indígenas
_zAmérica Latina
_927547
651 4 _aEspaña
_xColonias
_zAmérica
_92838
700 1 _aMillares Carlo, Agustín
_epról.
_911389
902 _aGRL
942 _2lcc
_cB
999 _c10539
_d10539